[Event "Maastricht Limburg op 14th"]
[Site "Maastricht"]
[Date "2022.06.05"]
[Round "4"]
[White "Noiroux, Kevin"]
[Black "Braun, Christian1111"]
[Result "0-1"]
[WhiteElo "2210"]
[BlackElo "2428"]
[PlyCount "78"]
[EventDate "2022.06.03"]
[EventType "swiss"]
[EventRounds "7"]
[EventCountry "NED"]
[SourceTitle "CBM 208 Extra"]
[Source "ChessBase"]
[SourceDate "2022.07.31"]
[SourceVersion "1"]
[SourceVersionDate "2022.07.31"]
[SourceQuality "1"]

1. d4 Nf6 2. Nf3 g6 3. Nc3 d5 4. Bf4 Bg7 5. e3 0-0 6. Be2 c5 7. dxc5 Nbd7 8. Nxd5 Nxd5 9. Qxd5 Bxb2 10. 0-0 Bxa1 11. Rxa1 Qa5 12. Bh6 Qxc5 13. Qb3 b6 14. Rd1 Nf6 15. Ng5 Bf5 16. Bc4 e6 17. Qb2 Nh5 18. Bb3 Rad8 19. Rf1 Rc8 20. e4 Bg4 21. h3 Be2 22. Re1 Qd6 23. Bxf8 Rxf8 24. c4 Bd3 25. Rd1 Rd8 26. Qd2 Nf4 27. g3 Ne2+ 28. Kg2 Qc5 29. Nf3 b5 30. Qxe2 Bxe2 31. Rxd8+ Kg7 32. cxb5 Qc1 33. Nd2 Bxb5 34. a4 Bc6 35. f3 Qe1 36. h4 a5 37. Rd6 Bd5 38. exd5 Qxd2+ 39. Kh3 Qb4 0-1

[Event "BEL-chT 1920"]
[Site "Belgium"]
[Date "2020.01.19"]
[Round "6.8"]
[White "Noiroux, Kevin"]
[Black "Wiersma, Eelke"]
[Result "1/2-1/2"]
[WhiteElo "2165"]
[BlackElo "2324"]
[PlyCount "39"]
[EventDate "2019.09.29"]
[EventType "team-tourn"]
[EventRounds "11"]
[EventCountry "BEL"]
[SourceTitle "CBM 195 Extra"]
[Source "ChessBase"]
[SourceDate "2020.05.31"]
[SourceVersion "1"]
[SourceVersionDate "2020.05.31"]
[SourceQuality "1"]
[WhiteTeam "Echiquier Mosan"]
[BlackTeam "KGSRL"]
[WhiteTeamCountry "BEL"]
[BlackTeamCountry "BEL"]

1. d4 Nf6 2. Nf3 g6 3. Bg5 Bg7 4. Nbd2 0-0 5. e4 d5 6. Bd3 dxe4 7. Nxe4 Nxe4 8. Bxe4 c5 9. c3 cxd4 10. Nxd4 h6 11. Be3 e5 12. Nb5 Qh4 13. Bd5 Nc6 14. 0-0 Rd8 15. Nc7 Rb8 16. Qb3 Qe7 17. Bxc6 Qxc7 18. Bd5 b6 19. Rfd1 Bb7 20. c4 1/2-1/2

[Event "BEL-chT 1920"]
[Site "Belgium"]
[Date "2019.10.20"]
[Round "3.8"]
[White "De Spiegelaere, Chris"]
[Black "Noiroux, Kevin"]
[Result "0-1"]
[WhiteElo "1703"]
[BlackElo "2165"]
[PlyCount "56"]
[EventDate "2019.09.29"]
[EventType "team-tourn"]
[EventRounds "11"]
[EventCountry "BEL"]
[SourceTitle "CBM 195 Extra"]
[Source "ChessBase"]
[SourceDate "2020.05.31"]
[SourceVersion "1"]
[SourceVersionDate "2020.05.31"]
[SourceQuality "1"]
[WhiteTeam "KBSK Brugge"]
[BlackTeam "Echiquier Mosan"]
[WhiteTeamCountry "BEL"]
[BlackTeamCountry "BEL"]

1. c4 c5 2. g3 Nc6 3. Bg2 g6 4. Nc3 Bg7 5. e4 d6 6. d3 Nf6 7. Nge2 h5 8. h3 Bd7 9. Be3 Qc8 10. Nf4 Rb8 11. Qd2 a6 12. a4 b6 13. Rb1 e6 14. Nfe2 e5 15. Qd1 Nb4 16. f4 0-0 17. Ng1 b5 18. axb5 axb5 19. b3 h4 20. g4 exf4 21. Bxf4 Nxg4 22. Nd5 Nxd5 23. exd5 Re8+ 24. Ne2 Ne3 25. Bxe3 Rxe3 26. Kd2 Bh6 27. Kc2 bxc4 28. dxc4 Bf5+ 0-1

[Event "BEL-chT 1819"]
[Site "Belgium"]
[Date "2018.12.02"]
[Round "5.7"]
[White "Noiroux, Kevin"]
[Black "Dardha, Daniel"]
[Result "0-1"]
[WhiteElo "2118"]
[BlackElo "2299"]
[PlyCount "80"]
[EventDate "2018.09.30"]
[EventType "team-tourn"]
[EventRounds "11"]
[EventCountry "BEL"]
[SourceTitle "CBM 187 Extra"]
[Source "ChessBase"]
[SourceDate "2018.11.04"]
[SourceVersion "1"]
[SourceVersionDate "2018.11.04"]
[SourceQuality "1"]
[WhiteTeam "Echiquier Mosan"]
[BlackTeam "Fontaine"]
[WhiteTeamCountry "BEL"]
[BlackTeamCountry "BEL"]

1. d4 Nf6 2. Bf4 g6 3. Nc3 d5 4. e3 Bg7 5. Be2 0-0 6. h4 c6 7. h5 Qb6 8. a3 c5 9. hxg6 hxg6 10. Qd2 Qxb2 11. Rb1 Qxa3 12. Nb5 Qa2 13. Nc3 Qa5 14. Rb5 Qd8 15. Rxc5 b6 16. Rb5 Ba6 17. Rb1 Bxe2 18. Qxe2 Nc6 19. Qf3 Qd7 20. Qg3 Rfd8 21. Qh2 Qf5 22. Rb2 Qh5 23. Nh3 e5 24. Bxe5 Ng4 25. Nf4 Qxh2 26. Rxh2 Bxe5 27. dxe5 Nxh2 28. f3 d4 29. Ncd5 dxe3 30. Ke2 Nxe5 31. Rb1 Kf8 32. Nxe3 Re8 33. Rh1 Nc4 34. Nfd5 Rad8 35. Rxh2 Kg7 36. Rh4 b5 37. Re4 f5 38. Rxe8 Rxe8 39. Kd3 Nxe3 40. Nxe3 Kf6 0-1

[Event "BEL-chT 1718"]
[Site "Belgium"]
[Date "2018.03.25"]
[Round "9.8"]
[White "Noiroux, Kevin"]
[Black "Wlogalski, Olivier"]
[Result "1-0"]
[WhiteElo "2124"]
[BlackElo "1928"]
[PlyCount "103"]
[EventDate "2017.09.24"]
[EventType "team-tourn"]
[EventRounds "11"]
[EventCountry "BEL"]
[SourceTitle "EXT 2019"]
[Source "ChessBase"]
[SourceDate "2018.10.10"]
[SourceVersion "1"]
[SourceVersionDate "2018.10.10"]
[SourceQuality "1"]
[WhiteTeam "Amay"]
[BlackTeam "Liege Crelel"]
[WhiteTeamCountry "BEL"]
[BlackTeamCountry "BEL"]

1. d4 f5 2. Bf4 Nf6 3. e3 e6 4. Nf3 d5 5. c4 Bd6 6. Ne5 c6 7. Be2 Qe7 8. Nd2 0-0 9. c5 Bc7 10. 0-0 Nbd7 11. Nxc6 bxc6 12. Bxc7 Nxc5 13. Bf4 Nce4 14. Rc1 Bb7 15. Nf3 Rfc8 16. Qb3 c5 17. dxc5 Nxc5 18. Qa3 Qf8 19. Nd4 a5 20. Nb5 Ne8 21. Nc7 Nxc7 22. Rxc5 Ne8 23. Rfc1 Qf6 24. Qb3 Rxc5 25. Rxc5 Qe7 26. Qc3 Ba6 27. Bxa6 Rxa6 28. Rxa5 Rxa5 29. Qxa5 Qb7 30. Be5 Qc6 31. h3 Kf7 32. Qa7+ Kg6 33. Qe7 Nf6 34. Kh2 Qa6 35. a3 Qe2 36. Qxe6 Qxf2 37. Bxf6 gxf6 38. b4 Qb2 39. Qg8+ Kh6 40. Qxd5 Kg6 41. Qd4 Qb3 42. Kg3 Qxa3 43. b5 Qc1 44. b6 h5 45. Qf4 Qc6 46. Qc7 Qe6 47. Kh2 f4 48. exf4 h4 49. f5+ Kxf5 50. b7 Qe5+ 51. Qxe5+ Kxe5 52. b8Q+ 1-0

[Event "BEL-chT 1718"]
[Site "Belgium"]
[Date "2017.12.03"]
[Round "5.8"]
[White "Noiroux, Kevin"]
[Black "Sterck, Arno"]
[Result "0-1"]
[WhiteElo "2124"]
[BlackElo "2268"]
[PlyCount "108"]
[EventDate "2017.09.24"]
[EventType "team-tourn"]
[EventRounds "11"]
[EventCountry "BEL"]
[SourceTitle "CBM 181 Extra"]
[Source "ChessBase"]
[SourceDate "2017.12.12"]
[SourceVersion "1"]
[SourceVersionDate "2017.12.12"]
[SourceQuality "1"]
[WhiteTeam "Amay"]
[BlackTeam "KBSK Brugge"]
[WhiteTeamCountry "BEL"]
[BlackTeamCountry "BEL"]

1. d4 d5 2. Bf4 Nf6 3. e3 c5 4. dxc5 Nc6 5. Bb5 e6 6. b4 a5 7. c3 Bd7 8. Qb3 Ne4 9. f3 e5 10. fxe4 exf4 11. Ne2 f3 12. gxf3 dxe4 13. Qd5 exf3 14. 0-0 Be7 15. Nd2 axb4 16. Rxf3 0-0 17. cxb4 Bg4 18. Qe4 Qxd2 19. Qxg4 Ne5 20. Qf4 Nxf3+ 21. Qxf3 Ra3 22. Ng3 Qxb4 23. Qxb7 Bxc5 24. Kh1 Qb2 25. Re1 Rxa2 26. Re2 Qb1+ 27. Kg2 Rxe2+ 28. Nxe2 Bxe3 29. Qd5 Qg6+ 30. Kf3 Bh6 31. Ng3 Qf6+ 32. Kg2 Rd8 33. Qe4 g6 34. Be2 Rd2 35. Qg4 Qe5 36. Qc8+ Kg7 37. Qc4 Bf4 38. Kf1 Bxg3 39. hxg3 Qxe2+ 40. Qxe2 Rxe2 41. Kxe2 Kf6 42. Kf3 Kg5 43. Kg2 Kg4 44. Kf2 h5 45. Kg2 g5 46. Kh2 Kf3 47. Kh3 g4+ 48. Kh2 f5 49. Kh1 Kxg3 50. Kg1 f4 51. Kh1 f3 52. Kg1 f2+ 53. Kf1 h4 54. Ke2 Kg2 0-1

[Event "Mittelrhein Regionalliga 16/17"]
[Site "Nordrheinwestfalen"]
[Date "2017.01.08"]
[Round "6.2"]
[White "Hoppe, Thilo"]
[Black "Noiroux, Kevin"]
[Result "1/2-1/2"]
[WhiteElo "2207"]
[BlackElo "2143"]
[PlyCount "81"]
[EventDate "2016.09.11"]
[EventType "team-tourn"]
[EventRounds "11"]
[EventCountry "GER"]
[SourceTitle "EXT 2022"]
[Source "ChessBase"]
[SourceDate "2021.10.06"]
[SourceVersion "1"]
[SourceVersionDate "2021.10.06"]
[SourceQuality "1"]
[WhiteTeam "Bonn Beuel"]
[BlackTeam "Aachen DJK Aufwärts III"]
[WhiteTeamCountry "GER"]
[BlackTeamCountry "GER"]

1. d4 d5 2. c4 e6 3. Nc3 Nf6 4. Bg5 Nbd7 5. e3 Be7 6. Nf3 0-0 7. Rc1 c6 8. Bd3 dxc4 9. Bxc4 Nd5 10. Bxe7 Qxe7 11. 0-0 Nxc3 12. Rxc3 e5 13. dxe5 Nxe5 14. Nxe5 Qxe5 15. f4 Qe7 16. f5 Qe5 17. Qd3 b5 18. Bb3 b4 19. Rxc6 Bb7 20. Rd6 Qxb2 21. Qd2 Qxd2 22. Rxd2 Rad8 23. Rfd1 Rxd2 24. Rxd2 Be4 25. g4 h5 26. Rd4 Bb1 27. h3 a5 28. Kf2 Kh7 29. Rd7 a4 30. Bxa4 Ra8 31. Bb3 Bxa2 32. Bxa2 Rxa2+ 33. Kf3 Kg8 34. Rb7 Rh2 35. Kg3 Re2 36. Kf4 Rf2+ 37. Kg3 Re2 38. Kf3 Rh2 39. Rb8+ Kh7 40. Kg3 Re2 41. Kf3 1/2-1/2

[Event "BEL-chT 1516"]
[Site "Belgium"]
[Date "2016.04.17"]
[Round "10.5"]
[White "Poetsch, Hagen"]
[Black "Noiroux, Kevin"]
[Result "1-0"]
[WhiteElo "2506"]
[BlackElo "2179"]
[PlyCount "45"]
[EventDate "2015.09.27"]
[EventType "team-tourn"]
[EventRounds "11"]
[EventCountry "BEL"]
[SourceTitle "EXT 2017"]
[Source "ChessBase"]
[SourceDate "2016.10.25"]
[SourceVersion "1"]
[SourceVersionDate "2016.10.25"]
[SourceQuality "1"]
[WhiteTeam "Wirtzfeld"]
[BlackTeam "Amay"]
[WhiteTeamCountry "BEL"]
[BlackTeamCountry "BEL"]

1. e4 e6 2. d4 d5 3. Nc3 Nf6 4. e5 Nfd7 5. f4 c5 6. Nf3 Nc6 7. Be3 Be7 8. dxc5 Bxc5 9. Qd2 a6 10. 0-0-0 0-0 11. f5 d4 12. Nxd4 Nxd4 13. Bxd4 Bxd4 14. Qxd4 Qg5+ 15. Kb1 Qxf5 16. Re1 f6 17. Bd3 Qh5 18. exf6 Nxf6 19. Rhf1 Qxh2 20. g4 e5 21. Qc4+ Kh8 22. g5 Nd7 23. Rh1 1-0

[Event "BEL-chT 1516"]
[Site "Belgium"]
[Date "2016.03.20"]
[Round "9.6"]
[White "Van der Stricht, Geert"]
[Black "Noiroux, Kevin"]
[Result "1-0"]
[WhiteElo "2378"]
[BlackElo "2179"]
[PlyCount "101"]
[EventDate "2015.09.27"]
[EventType "team-tourn"]
[EventRounds "11"]
[EventCountry "BEL"]
[SourceTitle "EXT 2017"]
[Source "ChessBase"]
[SourceDate "2016.10.25"]
[SourceVersion "1"]
[SourceVersionDate "2016.10.25"]
[SourceQuality "1"]
[WhiteTeam "KGSRL"]
[BlackTeam "Amay"]
[WhiteTeamCountry "BEL"]
[BlackTeamCountry "BEL"]

1. d4 e6 2. c4 Bb4+ 3. Bd2 Bxd2+ 4. Qxd2 Nf6 5. Nc3 0-0 6. Nf3 b6 7. g3 Bb7 8. d5 exd5 9. cxd5 b5 10. a3 a5 11. Nxb5 Bxd5 12. Bg2 Nc6 13. Rc1 a4 14. 0-0 Qb8 15. Nc3 Bc4 16. Rfe1 Qb6 17. e4 d6 18. Nd1 Be6 19. Qc3 Bd7 20. e5 Nd5 21. Qd3 Ra5 22. Ng5 Nf6 23. exf6 Rxg5 24. fxg7 Rc8 25. Qd2 Rxg7 26. Nc3 Qd4 27. Qxd4 Nxd4 28. Nd5 Kf8 29. Rxc7 Rxc7 30. Nxc7 Rg5 31. Nd5 Re5 32. Rd1 Nb5 33. Nb6 Be6 34. Bf1 Kg7 35. Nc4 Rc5 36. Ne3 d5 37. Rd2 Nd6 38. Rc2 Ne4 39. f3 Rxc2 40. Nxc2 Nc5 41. Nd4 Bd7 42. Kf2 Kf6 43. Ke3 Ke5 44. Bd3 h6 45. Bc2 Nb7 46. f4+ Kd6 47. Bf5 Be8 48. Bd3 Kc5 49. Nf5 Na5 50. Kd2 d4 51. Nxh6 1-0

[Event "BEL-chT 1516"]
[Site "Belgium"]
[Date "2015.11.08"]
[Round "3.7"]
[White "Ackaert, Thierry"]
[Black "Noiroux, Kevin"]
[Result "1-0"]
[WhiteElo "2036"]
[BlackElo "2179"]
[PlyCount "91"]
[EventDate "2015.09.27"]
[EventType "team-tourn"]
[EventRounds "11"]
[EventCountry "BEL"]
[SourceTitle "EXT 2017"]
[Source "ChessBase"]
[SourceDate "2016.10.25"]
[SourceVersion "1"]
[SourceVersionDate "2016.10.25"]
[SourceQuality "1"]
[WhiteTeam "TBCC"]
[BlackTeam "Amay"]
[WhiteTeamCountry "BEL"]
[BlackTeamCountry "BEL"]

1. b4 d5 2. e3 Bf5 3. Bb2 Nf6 4. Nf3 e6 5. a3 Bd6 6. c4 c6 7. Nc3 Nbd7 8. h3 h6 9. Be2 a6 10. Rc1 Qe7 11. Qb3 g5 12. cxd5 cxd5 13. Na4 0-0 14. g4 Be4 15. h4 Bxf3 16. Bxf3 Be5 17. hxg5 hxg5 18. Ke2 Kg7 19. Nc5 b6 20. Nxd7 Nxd7 21. Rc7 Qd6 22. Rxd7 Qxd7 23. Bxe5+ f6 24. Qc2 Rh8 25. Rxh8 Rxh8 26. Qc7 Rd8 27. Qxd7+ Rxd7 28. Bc3 e5 29. d4 e4 30. Bg2 Rc7 31. Kd2 Kg6 32. f3 f5 33. gxf5+ Kxf5 34. Bh3+ Kf6 35. fxe4 Rh7 36. Bc8 dxe4 37. d5+ Ke7 38. Be5 Kd8 39. Bf5 Rf7 40. Bxe4 Rf2+ 41. Kd3 g4 42. Bg3 Ra2 43. d6 Rxa3+ 44. Kd4 Rb3 45. Bc6 Rxb4+ 46. Kc3 1-0

[Event "Maastricht Limburg op-A 9th"]
[Site "Maastricht"]
[Date "2015.05.24"]
[Round "5"]
[White "Nguyen, Kevin"]
[Black "Noiroux, Kevin"]
[Result "1/2-1/2"]
[WhiteElo "2090"]
[BlackElo "2218"]
[PlyCount "108"]
[EventDate "2015.05.22"]
[EventType "swiss"]
[EventRounds "7"]
[EventCountry "NED"]
[SourceTitle "CBM 166 Extra"]
[Source "ChessBase"]
[SourceDate "2015.06.18"]
[SourceVersion "1"]
[SourceVersionDate "2015.06.18"]
[SourceQuality "1"]

1. e4 e6 2. d4 d5 3. Nd2 c5 4. c3 Nc6 5. Ngf3 Nf6 6. Bd3 cxd4 7. cxd4 Nb4 8. Bb1 dxe4 9. Nxe4 Nbd5 10. 0-0 Be7 11. Nc3 0-0 12. Bg5 b6 13. Qd3 g6 14. Re1 Bb7 15. Ne5 Nh5 16. Bh6 Ndf4 17. Qc4 Nxg2 18. Be4 Rc8 19. Qa4 Bxe4 20. Rxe4 Nh4 21. Bxf8 Bxf8 22. Qd7 Nf3+ 23. Kg2 Nxe5 24. Qxd8 Rxd8 25. dxe5 Rd2 26. Rd1 Rxb2 27. Rd8 Kg7 28. Rc4 Bc5 29. Ne4 Rxa2 30. Nxc5 bxc5 31. Rxc5 Ra4 32. Rd7 a5 33. Rcc7 Rf4 34. Re7 Rf5 35. Rc5 Nf4+ 36. Kg3 Nd3 37. Rxa5 Nxf2 38. Rb7 g5 39. Rb2 Ne4+ 40. Kg2 h5 41. Re2 Nc3 42. Rf2 Kg6 43. Rxf5 Kxf5 44. Ra7 Kxe5 45. Rxf7 Ke4 46. Rg7 g4 47. Kg3 Nd5 48. Rg5 Nf4 49. Ra5 e5 50. Ra4+ Kf5 51. Kh4 Kg6 52. Ra6+ Kf5 53. Ra5 Ng2+ 54. Kxh5 Nf4+ 1/2-1/2

[Event "Maastricht Limburg op-A 9th"]
[Site "Maastricht"]
[Date "2015.05.22"]
[Round "1"]
[White "Lombaers, Peter"]
[Black "Noiroux, Kevin"]
[Result "1-0"]
[WhiteElo "2371"]
[BlackElo "2218"]
[PlyCount "85"]
[EventDate "2015.05.22"]
[EventType "swiss"]
[EventRounds "7"]
[EventCountry "NED"]
[SourceTitle "CBM 166 Extra"]
[Source "ChessBase"]
[SourceDate "2015.06.18"]
[SourceVersion "1"]
[SourceVersionDate "2015.06.18"]
[SourceQuality "1"]

1. e4 e6 2. d4 d5 3. Nc3 Nf6 4. e5 Nfd7 5. f4 c5 6. Nf3 Nc6 7. Be3 Be7 8. Qd2 0-0 9. dxc5 Bxc5 10. 0-0-0 Qa5 11. a3 Rb8 12. Kb1 Nb6 13. Bxc5 Qxc5 14. Nb5 Bd7 15. Qc3 Qe7 16. Bd3 a6 17. Bxh7+ Kxh7 18. Ng5+ Kg8 19. Qh3 Qxg5 20. fxg5 axb5 21. Qg3 Nc4 22. Rhe1 Ra8 23. Rd3 b4 24. Qh4 Rfc8 25. Rh3 Kf8 26. Qh8+ Ke7 27. Qxg7 Kd8 28. axb4 Kc7 29. c3 Rg8 30. Qf6 Nd2+ 31. Kc2 Ne4 32. Rxe4 dxe4 33. b5 Na7 34. c4 Rad8 35. Ra3 Nc8 36. h4 Be8 37. Qf2 Kb8 38. Qe3 Rd7 39. g4 f6 40. exf6 e5 41. Qc5 Rc7 42. Ra8+ Kxa8 43. Qxc7 1-0

[Event "BEL-chT 1415"]
[Site "Belgium"]
[Date "2015.03.01"]
[Round "9.8"]
[White "Noiroux, Kevin"]
[Black "Stynen, Koen"]
[Result "1-0"]
[WhiteElo "2214"]
[BlackElo "2029"]
[PlyCount "93"]
[EventDate "2014.09.28"]
[EventType "team-swiss"]
[EventRounds "11"]
[EventCountry "BEL"]
[SourceTitle "EXT 2016"]
[Source "ChessBase"]
[SourceDate "2015.10.08"]
[SourceVersion "1"]
[SourceVersionDate "2015.10.08"]
[SourceQuality "1"]
[WhiteTeam "Amay"]
[BlackTeam "Borgerhout"]
[WhiteTeamCountry "BEL"]
[BlackTeamCountry "BEL"]

1. d4 f5 2. g3 Nf6 3. Bg2 g6 4. Nh3 Bg7 5. Nf4 d6 6. d5 c6 7. Nc3 e5 8. dxe6 Qe7 9. h4 Bxe6 10. h5 Nxh5 11. Nxh5 gxh5 12. Rxh5 Nd7 13. Be3 Ne5 14. Bg5 Qf7 15. Qxd6 h6 16. Bxh6 Rd8 17. Bxg7 Rxd6 18. Rxh8+ Ke7 19. Bxe5 Rd7 20. Bf3 Rd8 21. Rxd8 Kxd8 22. 0-0-0+ Ke8 23. Rh1 Kd7 24. e3 Bxa2 25. Rh6 Bc4 26. Bh5 Qg8 27. Rg6 Qf8 28. Rg7+ Kd8 29. Rxb7 Qc5 30. Bd4 Qd6 31. b4 a5 32. Bb6+ Kc8 33. Rc7+ Kb8 34. Bxa5 Qe5 35. Kb2 f4 36. Bf3 fxg3 37. fxg3 Qxg3 38. Bxc6 Qxe3 39. Bd7 Ba6 40. Bc6 Qe5 41. Rf7 Qe6 42. Rf8+ Bc8 43. Bd5 Qe7 44. Rd8 Qf6 45. Bg2 Qh4 46. Bc6 Qe1 47. Bd7 1-0